000 01028cam a22002778a 4500
005 20131016103015.0
008 030512s2004 nyu 001 0 eng
020 _a0321089855
080 _a321
245 0 0 _aComparative politics :
_cGabriel A. Almond ... [et al.].
250 _a4th ed.
260 _aNew York ;
_aHarlow :
_bLongman,
_c2004.
300 _ax, 209 p. ;
_c23 cm.
500 _aPreface : f. IX - X
500 _aPrevious ed.: 2001.
500 _aIncludes index.
505 0 _aIssues in comparative politics -- Comparing political systems -- Political culture and political socialization -- Interest articulation -- Interest aggregation and political parties -- Government and policymaking -- Public policy.
650 0 _aPolitika dhe qeverisja
650 0 _aPolitika botërore
700 1 _aAlmond, Gabriel A.
_q(Gabriel Abraham),
_d1911-2002.
700 1 _aBingham Powell, G.
700 1 _aStrom, Kaare
700 1 _qDalton, Rusell J.
942 _2udc
_cBK
999 _c133
_d133